00343nam a22001337a 4500003000500000005001700005008004100022040000600063082001700069100001600086245007000102260002800172300000900200CEME20210628203208.0210420b xxu||||| |||| 00| 0 eng d c. a531.12 LON'K aLoney, S. L aSolutions of the examples in the elements of statics and dynamics aLONDONbCAMBRIDGEc1953 a391P